Statistics for All European cities with Metro System on Map

Click here to take the quiz!

General Stats

  • This quiz has been taken 496 times
    (415 since last reset)
  • The average score is 38 of 43

Answers on the Map

Answers color-coded by a green-red scale on the quiz's map according to % correct below.
 

Answer Stats

Answer% Correct
Barcelona
98%
Helsinki
98%
Lisbon
98%
London
98%
Madrid
98%
Paris
98%
Rome
98%
Berlin
97%
Kiev
97%
Milan
97%
Oslo
97%
Amsterdam
96%
Athens
96%
Brussels
96%
Copenhagen
96%
Prague
96%
Stockholm
96%
Vienna
96%
Warsaw
96%
Glasgow
95%
Munich
95%
Naples
95%
Sofia
95%
Bucharest
94%
Hamburg
94%
Minsk
94%
Marseille
93%
Turin
93%
Budapest
92%
Lyon
92%
Rotterdam
92%
Bilbao
85%
Genoa
83%
Lille
82%
Toulouse
81%
Newcastle
79%
Nuremberg
75%
Kharkiv
73%
Catania
64%
Dnipro
62%
Lausanne
62%
Rennes
60%
Brescia
43%

Score Distribution

Percentile by Number Answered

Percent of People with Each Score

Your Score History

You have not taken this quiz since the last reset